Transit boards, composition, roles, and procedures.

Bibliographic Details
Corporate Author: National Research Council (U.S.). Transportation Research Board
Format: Book
Language:English
Published: Washington, D.C. : Transportation Research Board, National Research Council, 1981.
Series:Synthesis of highway practice ; 75.
Subjects:

MARC

Tag First Indicator Second Indicator Subfields
LEADER 00000cam a2200000 a 4500
001 in00000079948
005 20151008055247.0
008 811215s1981 dcua b 00000 eng
010 |a  81052077  
020 |a 0309031605 (pbk.) :  |c $6.20 
035 |a (OCoLC)07939744 
035 |9 AAJ2981AM 
039 0 |a 2  |b 3  |c 3  |d 3  |e 3 
040 |a DLC  |c DLC  |d TXA  |d UtOrBLW 
043 |a n-us--- 
049 |a TXAM  |c [932832] 
050 0 0 |a HE4456  |b .T69 
082 0 |a 352.91/84/0973  |2 19 
245 0 0 |a Transit boards, composition, roles, and procedures. 
264 1 |a Washington, D.C. :  |b Transportation Research Board, National Research Council,  |c 1981. 
300 |a 24 pages :  |b illustrations ;  |c 28 cm. 
336 |a text  |b txt  |2 rdacontent 
337 |a unmediated  |b n  |2 rdamedia 
338 |a volume  |b nc  |2 rdacarrier 
490 1 |a Synthesis of highway practice,  |x 0547-5570 ;  |v 75 
504 |a Includes bibliographical references. 
650 0 |a Local transit  |z United States  |x Management. 
650 0 |a Special districts  |z United States. 
710 2 |a National Research Council (U.S.).  |b Transportation Research Board. 
830 0 |a Synthesis of highway practice ;  |v 75. 
999 |a MARS 
999 f f |s c195387b-cad8-3914-9da7-219beb241f65  |i 45451e56-48a6-31d0-8a3a-a8c64d4c7ac8  |t 0 
952 f f |p ric  |a Texas A&M University  |b Rellis Campus  |c Joint Library Facility  |d Remote Storage  |t 0  |e HE4456 .T69  |h Library of Congress classification  |i unmediated -- volume  |m A14824233591 
998 f f |a HE4456 .T69  |t 0  |l Remote Storage